100 Biggest Japanese and Korean Cities - Statistics

General Stats
  • This quiz has been taken 158 times
  • The average score is 37 of 100
Answer Stats
Rank Population Answer % Correct
1 9,733,276 Tōkyō
98%
7 2,753,862 Ōsaka
96%
2 9,659,322 Seoul
96%
4 3,349,016 Busan
92%
9 2,331,078 Nagoya
90%
15 1,463,723 Kyōto
89%
10 1,959,750 Sapporo
89%
19 1,199,391 Hiroshima
88%
3 3,769,595 Yokohama
86%
11 1,603,543 Fukuoka
83%
76 407,624 Nagasaki
81%
13 1,522,188 Kōbe
80%
6 2,962,388 Incheon
76%
8 2,366,852 Daegu
74%
21 1,098,335 Sendai
69%
17 1,324,854 Saitama
68%
25 979,768 Chiba
64%
32 797,591 Niigata
62%
88 367,353 Nara
61%
16 1,432,651 Gwangju
60%
81 391,722 Gwangju (Gyeonggi-do)
60%
26 940,978 Kitakyūshū
58%
39 700,940 Okayama
57%
20 1,111,707 Ulsan
56%
46 595,049 Kagoshima
55%
12 1,531,646 Kawasaki
55%
14 1,469,543 Daejeon
53%
33 780,128 Hamamatsu
52%
90 365,296 Nagano
51%
5 3,255,288 Pyongyang
51%
40 693,389 Shizuoka
51%
35 738,907 Kumamoto
50%
58 492,306 Jeju
48%
63 477,715 Ōita
42%
31 819,965 Sakai
42%
94 356,729 Wakayama
41%
78 401,339 Miyazaki
40%
18 1,226,873 Suwon
39%
79 400,118 Gifu
37%
65 463,254 Kanazawa
37%
73 415,844 Toyama
36%
72 426,162 Toyota
33%
52 513,584 Utsunomiya
33%
54 505,948 Matsuyama
31%
51 525,682 Himeji
30%
74 414,134 Takamatsu
30%
36 723,470 Sagamihara
29%
95 353,933 Sejong
27%
44 644,668 Funabashi
26%
23 1,074,784 Goyang
26%
66 459,160 Fukuyama
25%
43 652,392 Jeonju
25%
55 499,363 Pohang
25%
27 922,025 Seongnam
24%
47 561,344 Hachiōji
23%
45 607,373 Kawaguchi
23%
37 717,345 Ansan
22%
24 1,025,702 Changwon
22%
34 768,551 Hamhung
21%
60 486,464 Higashi-Ōsaka
21%
83 384,654 Okazaki
21%
82 388,078 Yokosuka
20%
50 542,336 Anyang
19%
29 849,207 Cheongju
19%
61 484,368 Nishinomiya
19%
92 363,127 Wonsan
19%
22 1,076,369 Yongin
19%
67 455,555 Amagasaki
18%
30 833,148 Bucheon
18%
96 353,214 Kawagoe
18%
62 478,651 Kurashiki
18%
57 493,938 Paju
18%
87 372,369 Takasaki
18%
86 377,453 Toyohashi
18%
91 364,860 Wonju
18%
41 667,929 Chongjin
16%
70 433,436 Kashiwa
16%
64 474,546 Gimpo
15%
38 713,321 Namyangju
15%
48 552,427 Gimhae
14%
89 366,341 Nampo
14%
42 657,701 Cheonan
13%
59 491,716 Ichikawa
13%
56 498,575 Matsudo
13%
84 381,238 Suita
13%
68 449,572 Uijeongbu
13%
80 397,681 Hirakata
12%
28 904,267 Hwaseong
12%
97 352,403 Jinju
12%
99 348,020 Takatsuki
12%
69 439,728 Fujisawa
11%
85 380,073 Ichinomiya
11%
71 428,851 Machida
11%
75 407,880 Gumi
10%
77 401,558 Toyonaka
10%
98 351,206 Yangsan
10%
49 542,522 Pyeongtaek
9%
53 511,807 Siheung
9%
93 359,341 Sinuiju
5%
100 345,876 Tanchon
1%
No matching quizzes found
Score Distribution
Percent of People with Each Score
Percentile by Number Answered
Your Score History
You have not taken this quiz